Statistics for Doctor Who Actors Quiz #1

Click here to take the quiz!

General Stats

  • This quiz has been taken 9 times
  • The average score is 12 of 21

Answer Stats

CharacterEpisodeAnswer% Correct
Donna NobleTurn LeftCatherine Tate
100%
Astrid PethVoyage of the DamnedKylie Minogue
100%
Rose TylerThe Empty ChildBillie Piper
88%
The DoctorSatan PitDavid Tennant
88%
Clara OswaldListenJenna Coleman
88%
Wilfred MottThe End of TimeBernard Cribbins
75%
NardoleThe Doctor FallsMatt Lucas
75%
River SongThe Time of AngelsAlex Kingston
63%
Graham O'BrienRosaBradley Walsh
63%
Martha JonesThe Shakespeare CodeFreema Agyeman
63%
Jack HarknessUtopiaJohn Barrowman
63%
Santa ClausLast ChristmasNick Frost
63%
PorridgeNightmare in SilverWarwick Davis
63%
Mr FinchSchool ReunionAnthony Head
50%
StraxA Good Man Goes to WarDan Starkey
38%
Professor YanaUtopiaDerek Jacobi
38%
Bill PottsSmilePearl Mackie
38%
King James IThe WitchfindersAlan Cumming
25%
Jenny FlintThe Crimson HorrorCatrin Stewart
25%
Winston ChurchillVictory of the DaleksIan McNeice
25%
Pete TylerRise of the CybermenCamille Coduri
0%

Score Distribution

Percentile by Number Answered

Percent of People with Each Score

Your Score History

You have not taken this quiz